000 01174nam a22003137a 4500
001 7726
003 FISKH
005 20250801112411.0
008 250801b cb ||||| |||| 00| 0 eng d
020 _a9780545458337
040 _aFISKH
_beng
_cFISKH
_dFISKH
050 _a RA649 .P63
082 _a616.009
100 _aPlatt, Richard
245 _aPlagues, pox, and pestilence /
_cWritten by Richard Platt : Illustrated by John Kelly
250 _aFirst Scholastic printing, March 2012
260 _aNew York :
_bScholastic ,
_c2011.
300 _a48 pages :
_bcolor illustrations ;
_c24 cm .
505 _aR
520 _aProvides a history of disease and pestilence as told from the point of view of the bugs and pests that caused them, from common diseases such as influenza, malaria and tuberculosis to such rare diseases as leprosy, cholera, and bubonic plague.
521 8 _a670
_bLexile estimate
521 8 _aR
_bRaz-Plus
650 _aInformational
_vNon-fiction
650 _aCommunicable diseases
_vNon-fiction
650 _aHuman body
_vNon-fiction
700 _aKelly, John
_eIllustrator
942 _2ddc
_cBK
_n0
999 _c7726
_d7726